00838pam a2200241 a 4500001000800000005001700008008004100025010001700066020002800083040002300111041000800134060002000142080001300162082002000175100000600195101000800201245008300209906004500292942001200337999001700349952011500366952011500481443232820180127052445.0940525s1995 paua 001 0 eng c a 94013093  a0397512775 (alk. paper) aDNLM/DLCcDLCdDLC aeng10aWL 17 J54a 1995 a611.810 00a611.810 JEN2201 a6 aANA10aAtlas of the human brain /cLothar Jennes, Harold H. Traurig, P. Michael Conn. a7bcbccorignewd1eocipf19gy-gencatlg 2ddccBK c41086d41086 00102udc40708PËKGa002b002cPËKGd2018-01-27l0o611.810 JENp002-2996673r2018-01-27w2018-01-27yBK 00102udc40708PËKGa002b002cPËKGd2018-01-27l0o611.810 JENp002-2996661r2018-01-27w2018-01-27yBK